000 00632nam a2200241Ia 4500
003 OSt
005 20220918201238.0
006 a|||||r|||| 00| 0
007 ta
008 220917b |||||||| |||| 00| 0 eng d
024 _a92,593
037 _cTextual
040 _aARTS
_cARTS
_beng
041 _2eng
_aeng
082 _aV1,1xN, M0
100 _aBlondel J
_997647
245 0 _aWorld leaders
_b Heads of Government in the post war period
260 _aLondon
_bSage
_c1980
300 _a282p.
_ccm.
650 _aWORLD HISTORY
942 _hV1,1xN, M0
_cTEXL
_2CC
999 _c216244
_d216244